000 00421 a2200109 4500
001 ART_29406
005 20260410161951.0
008 260409a
245 1 0 _aEl concepto de proveedor en el Código Civil unificado y su integración con el texto del artículo 2 de la Ley 24240
100 1 _aAlvarez Larrondo, Federico M.
773 0 _tTemas de derecho comercial
_g- Año 1, Nº 5 (mayo 2015)
_wREV28151
999 _c30409
_d30409